Statistiques concernant Quiz disney pixar fr

Cliquez ici pour prendre le quiz!

Statistiques générales

  • Ce quiz a été pris 3 599 fois
  • Le résultat moyen est 26 sur 37

Statistiques - réponses

hint / trouver le nom du filmRéponse% Correct
une belle-mère et deux demi-soeur3cendrillon
97%
une rose et un bête2la belle et la bête
96%
un animal qui aime la cuisine22ratatouille
90%
une histoire de jouets26toy story
90%
je glace le coeur18la reine des neiges
89%
je m'envole sur un tapis13aladdin
88%
j'ai suivi un lapin blanc11alice au pays des merveilles
88%
je suis au pied de Notre-Dame16Le bossu de Notre-Dame
88%
mon futur est endormie5la belle au bois dormant
87%
un enfant qui ne veut pas grandir31peter pan
86%
un animal lourd qui vole35dumbo
85%
j'ai transformé ma mère en ours12rebelle
83%
une fille qui rêve de la terre1la petite sirene
81%
j'entends le vent8pocahontas
81%
je me transforme à cause du prince14la princesse et la grenouille
80%
riche pour les pauvres36robin des bois
80%
Je suis un animal avec un frère qui n'arrete pas de parler6frère des ours
79%
je deviens un homme pour mon père9mulan
79%
l'eau est mon ami20vaiana
77%
on a voulu prendre mon coeur4blanche-neige
76%
il a eu l'épée30merlin l'enchanteur
69%
sauver par un voleur25raiponce
69%
3 petites boules de poil19les aristochats
66%
un petit sans sa mère29bambi
65%
Un "animal" bleu, enfin extraterrestre21lilo et stitch
65%
j'aime la musique, mais pas mes proches23coco
63%
je ne peux pas mentir34pinochio
61%
nuit belle nuit33la belle et le clochard
59%
une cité perdu24atlantide
58%
perdu dans l'ocean27le monde de némo
55%
une petite lapine32zootopie
52%
un enfant un ours28le livre de la jungle
50%
je m'enffuie pour un crime que je n'ai pas fait7le roi lion
49%
sos societe37bernard et bianca
48%
je realise le rêve de ma femme10la-haut
48%
la fourrure m'apelle17101 dalmatiens
35%
je suis un acteur un peu special15volt, star malgré lui
35%

Distribution des résultats

Percentile par nombre de réponses

% des personnes avec chaque résultat

Votre développement - résultats

Vous n’avez pas pris ce quiz